Dream merchants & howboys : mavericks, nutters and the road to business success /

Bibliographic Details
Main Author: Gibbons, Barry J.
Corporate Author: NetLibrary, Inc
Format: eBook
Language:English
Published: Oxford : Capstone, 2004.
Subjects:
Online Access:Connect to the full text of this electronic book

MARC

Tag First Indicator Second Indicator Subfields
LEADER 00000cam a2200000Ia 4500
001 in00002002162
005 20220105141732.0
006 m d
007 cr cnu---unuuu
008 040415s2004 enk s 000 0ceng d
020 |a 184112608X (electronic bk.) 
035 |a (OCoLC)ocm54961890 
040 |a N$T  |c N$T  |d UtOrBLW 
049 |a IKMN 
050 1 4 |a HC29  |b G53 2004eb 
082 0 4 |a 658.40940922  |2 22 
100 1 |a Gibbons, Barry J.  |0 http://id.loc.gov/authorities/names/n95116618 
245 1 0 |a Dream merchants & howboys :  |b mavericks, nutters and the road to business success /  |c Barry J. Gibbons. 
264 1 |a Oxford :  |b Capstone,  |c 2004. 
300 |a 1 volume 
336 |a text  |b txt  |2 rdacontent 
337 |a computer  |b c  |2 rdamedia 
338 |a online resource  |b cr  |2 rdacarrier 
500 |a Originally published: 2002. 
533 |a Electronic reproduction.  |b Boulder, Colo. :  |c NetLibrary,  |d 2004.  |n Available via World Wide Web.  |n Access may be limited to NetLibrary affiliated libraries. 
500 |a Electronic resource. 
650 0 |a Businessmen  |v Biography. 
650 0 |a Success in business.  |0 http://id.loc.gov/authorities/subjects/sh85129589 
655 7 |a Electronic books.  |2 local 
710 2 |a NetLibrary, Inc.  |0 http://id.loc.gov/authorities/names/no99080690 
776 1 |c Original  |z 1841124656  |w (OCoLC)51030673 
856 4 1 |u https://proxy.library.tamu.edu/login?url=http://www.netLibrary.com/urlapi.asp?action=summary&v=1&bookid=105124  |z Connect to the full text of this electronic book  |t 0 
994 |a 92  |b IKM 
999 |a MARS 
999 f f |s 9d072459-549e-3e82-b79b-8ab99f2a710a  |i b096cb7b-35b2-3c51-9cc1-c0aaf9041161  |t 0 
952 f f |a Texas A&M University  |b College Station  |c Electronic Resources  |d Available Online  |t 0  |e HC29 G53 2004eb  |h Library of Congress classification 
998 f f |a HC29 G53 2004eb  |t 0  |l Available Online